000
00461nam a2200169Ia 4500
008
090711s9999 xx 000 0 und d
082
_b
69401
100
_a
बांदोडकर गो. पु.
245
_a
फरारी
260
_c
1992
300
_a
174
600
_a
बांदोडकर गो. पु.
630
_a
फरारी
700
_a
बांदोडकर गो. पु.
730
_a
फरारी
942
_c
BOOK
999
_c
303982
_d
303982